000 00503nam a2200169 a 4500
001 000005020
005 20200929151547.0
008 090729s1999 dr c 001 spa d
040 _aDO-SdBNP
_bspa
_cBNPHU
082 _aG643p
100 1 _aGonzález, Orángel
_914465
245 1 0 _aPolicía y delincuencia :
_bensayo criminológico /
_cOrángel González.
260 _aSanto Domingo,
_c1999.
300 _a106 p. :
_bretrs. ;
_c21 cm.
500 _aIncluye datos biográficos
500 _aIncluye índice
999 _c4825
_d4825